000 00894nam a2200241Ia 4500
003 CO-CtgCURN
005 20250407190249.0
008 190723s9999 xx 000 0 und d
020 _a9586164764
040 _aCO-CtgCURN
_bspa
_ccoctgcurn
082 _a345.001
_bJ25c
100 _aJakobs, Gunther
_d1937-
245 0 _aLa ciencia del derecho penal ante las exigencias del presente /
_cGunther Jakobs, traducción., Teresa Manso Porto
260 _aBogotá, Colombia :
_bUniversidad Externado de Colombia,
_c2000
300 _a39 páginas ;
_c20 centímetros
490 _aCuadernos de Conferencias y Articulos;
_v24
521 _aAREA PROFESIONAL
590 _aPrograma de Derecho_18
650 _aDerecho penal
700 _aManso Porto, Teresa
_etraductora
942 _cBK
_h345.001
_iJ25c
_2ddc
_n0
999 _c28771
_d28771